000 00599nam a2200193Ia 4500
005 20250508164059.0
008 008 250505s9999 xx 000 0 eng d
020 _a81-85604-40-1
037 _aTextual
040 _aFEDL
_beng
_cFEDL
041 _aeng
_2eng
084 _a305.4, CEN
_qFEDL
245 0 _aShifting sands : Women's lives and globalization Edited by Centre for women's development studies
260 _aKolkata, India
_bMandira Sen for Stree
_c2003
300 _axiv,326p.
650 _aSocial Structure
942 _cTEXL
_h305.4, CEN
999 _c1386952
_d1386952